000
00288nam a22001337a 4500
008
171018b xxu||||| |||| 00| 0 eng d
020
_a
9781308265780
041
_a
eng
080
_a
338
100
_a
53
101
_a
MEN
245
_a
MANAGEMENT STRATEGY
_c
HALL,C.L
942
_2
udc
_c
BK
999
_c
34569
_d
34569